ბათუმის შოთა რუსთაველის სახელმწიფო უნივერსიტეტის ბიბლიოთეკა

შესავალი ქრისტიანობაში (ბიბ.ჩანაწერი № 34654)

000 -LEADER
fixed length control field 00785nam a2200241Ia 4500
001 - CONTROL NUMBER
control field 429
003 - CONTROL NUMBER IDENTIFIER
control field GE_BSU
008 - FIXED-LENGTH DATA ELEMENTS--GENERAL INFORMATION
fixed length control field 181216s||||||||xx |||||||||||||| ||und||
020 ## - INTERNATIONAL STANDARD BOOK NUMBER
International Standard Book Number 978994102427
040 ## - CATALOGING SOURCE
Transcribing agency GE_BSU
080 ## - UNIVERSAL DECIMAL CLASSIFICATION NUMBER
Universal Decimal Classification number 272
100 ## - MAIN ENTRY--PERSONAL NAME
Personal name რატცინგერი, იოზეფ
245 ## - TITLE STATEMENT
Title შესავალი ქრისტიანობაში
245 ## - TITLE STATEMENT
Remainder of title ლექციები სამოციქულო სიმბოლოს შესახებ
245 ## - TITLE STATEMENT
Statement of responsibility, etc. თარგ. ვარდიძე ვ.
260 ## - PUBLICATION, DISTRIBUTION, ETC.
Place of publication, distribution, etc. თბილისი
260 ## - PUBLICATION, DISTRIBUTION, ETC.
Date of publication, distribution, etc. 2010
300 ## - PHYSICAL DESCRIPTION
Extent 478 გვ.
653 ## - INDEX TERM--UNCONTROLLED
Uncontrolled term რელიგია
653 ## - INDEX TERM--UNCONTROLLED
Uncontrolled term შესავალი ქრისტიანობაში
942 ## - ADDED ENTRY ELEMENTS (KOHA)
Koha item type წიგნი
ეგზემპლარები
Withdrawn status Lost status Damaged status Not for loan Date acquired Barcode Date last seen Price effective from Koha item type Public note
        2018-12-17 877 2018-12-17 2018-12-17 წიგნი დარბაზი
        2018-12-17 878 2018-12-17 2018-12-17 წიგნი დარბაზი